MARC

LEADER 00000nam0a2200000 4500
001 185145
005 20231031172702.0
035 |a (RuTPU)RU\TPU\book\200816 
090 |a 185145 
100 |a 20101004d1880 m y0rusy50 ca 
101 0 |a ger 
102 |a DE 
105 |a a j 000zy 
200 1 |a Lehrbuch der Hohbau-Konstruktionen  |e Erster Theil Maurer-und steinmetzarbeiten  |f R. Gottgetreu  
210 |a Berlin  |c Verlag von Ernst&Korn  |d 1880 
215 |a 354 с.  |c ил. 
610 1 |a строительство 
610 1 |a архитектура 
610 1 |a высотные работы 
610 1 |a высотные здания 
610 1 |a высотные сооружения 
610 1 |a кладка 
610 1 |a каменные работы 
610 1 |a немецкий язык 
610 1 |a учебники 
675 |a 721.011.2(075.8)  |v 3 
675 |a 69.057.122  |v 3 
675 |a 69.057.122(075.8)  |v 3 
700 1 |a Gottgetreu  |b R.  |g Rudolph 
801 1 |a RU  |b 63413507  |c 20101004 
801 2 |a RU  |b 63413507  |c 20101115  |g RCR 
942 |c BK